000 00322nam a22001217a 4500
020 _a1592000738
082 _222
_a005.133
100 _aDawson, Michael.
245 _aPython programming for the absolute beginners /
260 _aUSA,
_bPremier Press,
_cc2003.
300 _axxviii, 452p. ;
_bill. ;
_c23 cm.
942 _2ddc
_cIT
999 _c1814
_d1814